Temperate zone (Record no. 186295)
[ view plain ]
| 000 -LEADER | |
|---|---|
| fixed length control field | 00851 a2200181 4500 |
| 003 - CONTROL NUMBER IDENTIFIER | |
| control field | Nust |
| 005 - DATE AND TIME OF LATEST TRANSACTION | |
| control field | 20230529111928.0 |
| 040 ## - CATALOGING SOURCE | |
| Transcribing agency | Nust |
| 082 ## - DEWEY DECIMAL CLASSIFICATION NUMBER | |
| Classification number | 808.83,JOH |
| 100 ## - MAIN ENTRY--PERSONAL NAME | |
| Personal name | Johnstone, Nancy |
| 9 (RLIN) | 112746 |
| 245 ## - TITLE STATEMENT | |
| Title | Temperate zone |
| Statement of responsibility, etc. | Nancy Johnstone |
| 260 ## - PUBLICATION, DISTRIBUTION, ETC. | |
| Place of publication, distribution, etc. | Faber and Faber Ltd |
| Name of publisher, distributor, etc. | London |
| Date of publication, distribution, etc. | 1940 |
| 300 ## - PHYSICAL DESCRIPTION | |
| Extent | 315 p |
| Other physical details | illus |
| Dimensions | 19 cm |
| 505 ## - FORMATTED CONTENTS NOTE | |
| Formatted contents note | Return to Adobe (Page-11), Peptize Sets Up House (Page-22), Miss borne takesto Crime (Page-35), Friends of the English Language (Page-47), Part Less Two (Page-59), Sad Ballad of the War (Page-70), Food for the Sprits (Page-81), Machetes are Sharpened (Page-93), Gringo Inventor (Page-116), Diagnosis by Miguel (Page-127), The Indian Peril (Page-188), Test for Witchcraft (Page-200), Mask of Beatrice (Page-211). |
| 600 ## - SUBJECT ADDED ENTRY--PERSONAL NAME | |
| Personal name | Johnstone, Nancy |
| 9 (RLIN) | 112746 |
| 650 ## - SUBJECT ADDED ENTRY--TOPICAL TERM | |
| Topical term or geographic name entry element | A novel |
| 9 (RLIN) | 107173 |
| 942 ## - ADDED ENTRY ELEMENTS (KOHA) | |
| Source of classification or shelving scheme | |
| Koha item type | Book |
| Withdrawn status | Lost status | Source of classification or shelving scheme | Damaged status | Not for loan | Permanent Location | Current Location | Shelving location | Date acquired | Full call number | Barcode | Date last seen | Price effective from | Koha item type | Public note |
|---|---|---|---|---|---|---|---|---|---|---|---|---|---|---|
| Military College of Signals (MCS) | Military College of Signals (MCS) | General Stacks | 12/12/2016 | 808.83,JOH | MCS29866 | 12/08/2016 | 12/12/2016 | Book | Almirah No.56, Shelf No.6 |
